• 首页
  • 本馆介绍
  • 公告通知
  • 最新文献
  • 馆藏检索
  • 电子资源
  • 读者导购
  • 参考咨询
  • 我的图书馆
  • 登录
  • 详细信息显示
  • 放入我的书架
  • 预约/预借图书
  • 作者相关作品
  • 分类相关作品
  • 丛书相关作品
  • 出版社相关作品

书目信息

  • 表格格式
  • 工作单格式
  • 卡片格式
题名:
大地坐标系与大地基准
    
 
作者: 柴洪洲 , 金际航 , 边少锋 编著
分册:  
出版信息: 北京   国防工业出版社  2005
页数: 207页
开本: 26cm
丛书名:
单 册:
中图分类: P22
科图分类:
主题词: 大地测量基准 , 大地坐标系
电子资源:
ISBN: 7-118-03804-0
000 00891nam0 2200265 450
001 002939650
005 20061106163054.42
010    @a7-118-03804-0@dCNY22.00
100    @a20050119d2005 em y0chiy0110 ea
101 0  @achi
102    @aCN@b110000
105    @aa z 000yy
200 1  @a大地坐标系与大地基准@9da di zuo biao xi yu da di ji zhun@f边少锋,柴洪洲,金际航编著
210    @a北京@c国防工业出版社@d2005
215    @a207页@c图@d26cm
300    @a国家杰出青年科学基金(批准号40125013)资助出版
330    @a本书内容包括:绪论、常用大地坐标系统与大地测量基准、国家大地控制网及我国大地基准、WGS世界大地坐标系等。
606 0  @a大地测量基准
606 0  @a大地坐标系
690    @aP22@v4
701  0 @a柴洪洲@9chai hong zhou@4编著
701  0 @a金际航@9jin ji hang@4编著
701  0 @a边少锋@9bian shao feng@f(1961~)@4编著
801  0 @aCN@bNLC@c20061106
905    @a10447@dP22@e130
    
    大地坐标系与大地基准/边少锋,柴洪洲,金际航编著.-北京:国防工业出版社,2005
    207页:图;26cm
    国家杰出青年科学基金(批准号40125013)资助出版
    
    ISBN 7-118-03804-0:CNY22.00
    本书内容包括:绪论、常用大地坐标系统与大地测量基准、国家大地控制网及我国大地基准、WGS世界大地坐标系等。
●
相关链接 在E读中查询图书 在五车中查询图书 在当当中查询图书 在豆瓣中查询图书


正题名:大地坐标系与大地基准     索取号:P22/130         预约/预借

序号 登录号 条形码 馆藏地/架位号 状态 备注
1 0381632   203816326   第二样本阅览室/ [索取号:P22/130] 在馆    
2 0381633   203816335   第三借阅区/ [索取号:P22/130] 在馆    
3 0381634   203816344   第三借阅区/ [索取号:P22/130] 在馆    
4 0381635   203816353   第三借阅区/ [索取号:P22/130] 在馆    
5 0381636   203816362   第三借阅区/ [索取号:P22/130] 在馆    
唐山师范学院图书馆 欢迎您!
大连网信软件有限公司© 版权所有